Hevea brasiliensis: Results from the Cambodian large scale clone trials in 2011 (Record no. 60307)

MARC details
000 -LEADER
fixed length control field 00570nam a2200193Ia 4500
100 ## - MAIN ENTRY--AUTHOR NAME
Personal name Phearun Phen
245 #0 - TITLE STATEMENT
Title Hevea brasiliensis: Results from the Cambodian large scale clone trials in 2011
260 ## - PUBLICATION, DISTRIBUTION, ETC. (IMPRINT)
Name of publisher IRRDB International Rubber Conference 14-17 December 2011 Chiang
650 ## - SUBJECT ADDED ENTRY--TOPICAL TERM
Topical Term Cambodia
650 ## - SUBJECT ADDED ENTRY--TOPICAL TERM
Topical Term Growth
650 ## - SUBJECT ADDED ENTRY--TOPICAL TERM
Topical Term Hevea brasiliensis
650 ## - SUBJECT ADDED ENTRY--TOPICAL TERM
Topical Term Large scale clonal trials
650 ## - SUBJECT ADDED ENTRY--TOPICAL TERM
Topical Term Rubber
650 ## - SUBJECT ADDED ENTRY--TOPICAL TERM
Topical Term Yield
700 ## - ADDED ENTRY--PERSONAL NAME
Personal name Clement-Demange A
700 ## - ADDED ENTRY--PERSONAL NAME
Personal name Mengchheang Kong
942 ## - ADDED ENTRY ELEMENTS (KOHA)
Koha item type Journals
Holdings
Withdrawn status Lost status Damaged status Not for loan Home library Current library Shelving location Date acquired Koha item type
      Journals RRII Library RRII Library Botany 26/09/2013 Journals